000 00768nam a2200253Ia 4500
003 OSt
005 20220930073455.0
006 a|||||r|||| 00| 0
007 ta
008 220926b |||||||| |||| 00| 0 hin d
024 _a32504
037 _cTheses
040 _aCRL
_cCRL
_bhin
041 _2hin
_ahin
100 _aBhanushaali Mohini
_9531626
110 _aUniversity of Delhi. Faculty of Arts. Department of Hindi
245 0 _aPrasadoattar hindi natak mein pratikatamkta
260 _c1986
650 _aHINDI LITERATURE
_923866
700 _a Dr Maandhaata Ojha Supervisor
700 _aUniversity of Delhi. Faculty of Arts. Department of Hindi
942 _cDIS
_2CC
999 _c865062
_d865062